| 000 | 00455nam a2200181Ia 4500 | ||
|---|---|---|---|
| 003 | GCL | ||
| 008 | 140319s9999 xx 000 0 eng d | ||
| 040 |
_aGCL / _cGCL |
||
| 082 | 0 | 4 |
_a843 _bD M |
| 100 | 1 | _aDURRELL, LAWRENCE | |
| 245 | 1 | 0 |
_aMOUNTOLIVE / _cDURRELL, LAWRENCE |
| 260 |
_a[S.N] : _bBUCHET-CHASTEL ، _c1992 |
||
| 300 | _a512 P | ||
| 490 |
_aLE LIVRE DE POCHE _v0 |
||
| 650 | 0 | 4 | _aLITERATURE |
| 650 | 0 | 4 | _aFRENCH LITERATURE |
| 942 |
_2ddc _cBK |
||
| 999 |
_c23080 _d23080 |
||